00876nam a2200217 a 450000100100000000500170001000800410002704000250006808200150009310000280010824501150013626000560025130000270030749000690033449000450040350000420044870000230049070000290051383000470054283000690058900002841220250924073802.0110408s1986 dr a 000 0 spa d aDO-SdBNPbspacBNPHU axxxbP949d1 aPrieto Castillo, Daniel10aEl discurso nunca fue el reino nuestro /cDaniel Prieto Castillo, Onofre de la Rosa y Carlos Eduardo Cortés. aSanto Domingo :bEditora Universitaria UASD,c1986. a20 p. :bil. ;c22 cm.1 aPublicaciones de la Universidad Autónoma de Santo Domingov4751 aCuaderno de comunicación socialvno. 7 aIncluye notas al pie de las páginas1 aRosa, Onofre de la1 aCortés, Carlos Eduardo 0aCuaderno de comunicación social ;vno. 7 aPublicaciones de la Universidad Autónoma de Santo Domingov475